| 000 | 01561nam1a2200325 i 4500 | ||
|---|---|---|---|
| 001 | RU\NLR\bibl\1099933 | ||
| 005 | 20260407145457.0 | ||
| 035 | _a(NLR Aleph) 001087029 | ||
| 090 |
_a1094502 _c1094502 |
||
| 100 | _a20070620g20069999k y0rusy50 ca | ||
| 101 | 0 | _arus | |
| 102 | _aRU | ||
| 105 | _a||||z ||||| | ||
| 200 | 1 |
_aНаучное обеспечение реализации национальных проектов в сельском хозяйстве _eматериалы Всероссийской научно-практической конференции, 28.02 - 03.03. 2006 г. |
|
| 210 |
_aИжевск _cФГОУ ВПО Ижевская ГСХА _d2006 |
||
| 215 | _d20 | ||
| 300 | _aВ надзаг.: М-во сел. хоз-ва Рос. Федерации, Федер. гос. образоват. учреждение высш. проф. образования "Ижев. гос. с.-х. акад." | ||
| 463 | 0 | _10011093812 | |
| 463 | 0 | _10011093909 | |
| 463 | 0 | _10011095189 | |
| 463 | 0 | _10011103278 | |
| 606 |
_aСельское хозяйство _jСъезды, совещания и т.п. _xНаучно-исследовательская работа _91216131 _3RU\NLR\auth\66175949 |
||
| 686 | _aП.е(2) | ||
| 712 | 0 | 2 |
_4570 _aИжевская государственная сельскохозяйственная академия _9541947 _3RU\NLR\AUTH\8810021975 |
| 801 | 0 |
_aRU _bNLR _c20070620 _gRCR |
|
| 801 | 1 |
_aRU _bNLR _c20070620 |
|
| 852 |
_aNLR _j2007-3/16537 |
||
| 942 | _cBOOK | ||